আধুনিক বাংলা উপন্যাসের পটভূমি ও বিবিধ প্রসঙ্গ / (Record no. 81834)
[ view plain ]
| 000 -LEADER | |
|---|---|
| fixed length control field | 00956nam a2200229 a 4500 |
| 001 - CONTROL NUMBER | |
| control field | 81834 |
| 003 - CONTROL NUMBER IDENTIFIER | |
| rucl marc code | BD-RjUL |
| 005 - DATE AND TIME OF LATEST TRANSACTION | |
| control field | 20230903142012.0 |
| 008 - FIXED-LENGTH DATA ELEMENTS--GENERAL INFORMATION | |
| fixed length control field | 230903s2008 ii ||||| |||| 00| 0 ben d |
| 035 ## - SYSTEM CONTROL NUMBER | |
| System control number | (BD-RjUL)81834 |
| 040 ## - CATALOGING SOURCE | |
| Original cataloging agency | BD-RjUL |
| Language of cataloging | eng |
| Transcribing agency | BD-RjUL |
| 041 ## - LANGUAGE CODE | |
| Language code of text/sound track or separate title | ben |
| 082 ## - DEWEY DECIMAL CLASSIFICATION NUMBER | |
| Edition number | 23 |
| Classification number | 891.44309 |
| Author mark and year | SHA 2008 |
| 100 ## - MAIN ENTRY--PERSONAL NAME | |
| Personal name | শ’, রামেশ্বর |
| 9 (RLIN) | 8741 |
| 245 ## - TITLE STATEMENT | |
| Title | আধুনিক বাংলা উপন্যাসের পটভূমি ও বিবিধ প্রসঙ্গ / |
| Statement of responsibility, etc. | রামেশ্বর শ’ |
| 250 ## - EDITION STATEMENT | |
| Edition statement | পরিবর্ধিত পরিমার্জিত ২য় সং. |
| 260 ## - PUBLICATION, DISTRIBUTION, ETC. (IMPRINT) | |
| Place of publication, distribution, etc. | কোলকাতা : |
| Name of publisher, distributor, etc. | পুস্তক বিপণি, |
| Date of publication, distribution, etc. | 2008 |
| 300 ## - PHYSICAL DESCRIPTION | |
| Pagination | ৬১৬ পৃ.; |
| Size | ২২ সেমি. |
| 650 ## - SUBJECT ADDED ENTRY--TOPICAL TERM | |
| Topical term or geographic name as entry element | বাংলা উপন্যাস |
| General subdivision | ইতিহাস ও সমালোচনা |
| Topical term or geographic name as entry element | Bengali novel |
| General subdivision | History and Criticism |
| 9 (RLIN) | 8742 |
| 942 ## - ADDED ENTRY ELEMENTS (KOHA) | |
| Source of classification or shelving scheme | Dewey Decimal Classification |
| Koha item type | Books |
| Lost status | Source of classification or shelving scheme | Damaged status | Not for loan | Collection code | Permanent Location | Current Location | Shelving location | Date acquired | Source of acquisition | Cost, normal purchase price | Total Checkouts | Full call number | Date last seen | Copy number | Koha item type | Date checked out |
|---|---|---|---|---|---|---|---|---|---|---|---|---|---|---|---|---|
| Dewey Decimal Classification | Not For Loan | Fiction | Central Library, University of Rajshahi | Central Library, University of Rajshahi | Reading Room | 05/06/2023 | Dhaka : Page mark | 600.00 | B 891.44309 SHA 2008 | 03/09/2023 | C-1 | Books | ||||
| Dewey Decimal Classification | Fiction | Central Library, University of Rajshahi | Central Library, University of Rajshahi | General Stacks | 05/06/2023 | Dhaka : Page mark | 600.00 | 1 | B 891.44309 SHA 2008 | 05/03/2025 | C-2 | Books | 19/02/2025 |